Hamāre bahādura havb̄āza. (Record no. 73499)

MARC details
000 -LEADER
fixed length control field 00796cam a22002651 4500
001 - CONTROL NUMBER
control field sa 67002881
003 - CONTROL NUMBER IDENTIFIER
control field DLC
005 - DATE AND TIME OF LATEST TRANSACTION
control field 20260227112334.0
008 - FIXED-LENGTH DATA ELEMENTS--GENERAL INFORMATION
fixed length control field 870413s1966 ii ac 000 0 hin
010 ## - LIBRARY OF CONGRESS CONTROL NUMBER
LC control number sa 67002881
035 ## - SYSTEM CONTROL NUMBER
System control number (OCoLC)15525733
040 ## - CATALOGING SOURCE
Original cataloging agency DLC
Transcribing agency NRU
Modifying agency NRU
-- DLC
042 ## - AUTHENTICATION CODE
Authentication code premarc
043 ## - GEOGRAPHIC AREA CODE
Geographic area code a-ii---
-- a-pk---
050 00 - LIBRARY OF CONGRESS CALL NUMBER
Classification number DS384
Item number .R34
100 1# - MAIN ENTRY--PERSONAL NAME
Personal name Ratūṛī, Vīrendra Mohana.
245 10 - TITLE STATEMENT
Title Hamāre bahādura havb̄āza.
Statement of responsibility, etc. [Lekhaka] Vīrendra Mohana Ratūṛī.
250 ## - EDITION STATEMENT
Edition statement [1. saṃskaraṇa]
260 ## - PUBLICATION, DISTRIBUTION, ETC.
Place of publication, distribution, etc. Dillī,
Name of publisher, distributor, etc. Umeśa Prakāśana
Date of publication, distribution, etc. [1966]
300 ## - PHYSICAL DESCRIPTION
Extent 96 p.
Other physical details illus., ports.
Dimensions 22 cm.
490 0# - SERIES STATEMENT
Series statement Sāhasī vīra-gāthā-mālā,
Volume/sequential designation krama 4
500 ## - GENERAL NOTE
General note In Hindi.
610 10 - SUBJECT ADDED ENTRY--CORPORATE NAME
Corporate name or jurisdiction name as entry element India.
Subordinate unit Indian Air Force.
650 #0 - SUBJECT ADDED ENTRY--TOPICAL TERM
Topical term or geographic name entry element India-Pakistan Conflict, 1965.

No items available.

Powered by Koha